00345pab a2200133 454500008004000000100001800040245006200058260000900120300001300129362001200142650001800154650001900172773002000191180718b2003 xxu||||| |||| 00| 0 eng d aTrivedi, Sonu aAU and EU: a comparative study in continental integration c2003 ap.30-56. aJul-Dec aAfrican Union aEuropean Union aIndia Quarterly